Enzo Ferrari : (Registro nro. 26577)
[ vista simple ]
| 000 -LEADER | |
|---|---|
| fixed length control field | 01368cam a2200325 i 4500 |
| 001 - CONTROL NUMBER | |
| control field | 26577 |
| 003 - CONTROL NUMBER IDENTIFIER | |
| control field | Mx-PuUPA |
| 005 - DATE AND TIME OF LATEST TRANSACTION | |
| control field | 20191203133641.0 |
| 008 - FIXED-LENGTH DATA ELEMENTS--GENERAL INFORMATION | |
| fixed length control field | 140415s2005 it a gr6 001 0dita d |
| 040 ## - CATALOGING SOURCE | |
| Original cataloging agency | Mx-PuUPA |
| Language of cataloging | spa |
| Transcribing agency | Mx-PuUPA |
| Modifying agency | Mx-PuUPA |
| Description conventions | rda |
| 041 0# - LANGUAGE CODE | |
| Language code of text/sound track or separate title | ita |
| 245 00 - TITLE STATEMENT | |
| Title | Enzo Ferrari : |
| Remainder of title | una leggenda a fumetti / |
| Statement of responsibility, etc. | testi, Xavier Chimits ; consulenza storica, Jacques Swaters ; traduzione, Manuela Piscini. |
| 264 31 - PRODUCTION, PUBLICATION, DISTRIBUTION, MANUFACTURE, AND COPYRIGHT NOTICE | |
| Place of production, publication, distribution, manufacture | Rozzano : |
| Name of producer, publisher, distributor, manufacturer | Graton Editeur : |
| -- | Editoriale Domus, |
| Date of production, publication, distribution, manufacture, or copyright notice | ©2005 |
| 300 ## - PHYSICAL DESCRIPTION | |
| Extent | 47 páginas : |
| Other physical details | ilustraciones, fotografías [blanco y negro] ; |
| Dimensions | 30 cm. |
| 336 ## - CONTENT TYPE | |
| Fuente | rdacontent |
| Content type term | texto |
| Content type code | txt |
| 337 ## - MEDIA TYPE | |
| Source | rdamedia |
| Media type term | sin medio |
| Media type code | n |
| 338 ## - CARRIER TYPE | |
| Source | rdacarrier |
| Carrier type term | volumen |
| Carrier type code | nc |
| 490 0# - SERIES STATEMENT | |
| Series statement | Dossier Michel Vaillant. |
| 500 ## - GENERAL NOTE | |
| General note | Suplemento de la edición especial Formula 1 de la revista Quattroroute, Marzo 2005. |
| 600 04 - SUBJECT ADDED ENTRY--PERSONAL NAME | |
| Personal name | Enzo Anselmo Giuseppe María Ferrari. |
| Dates associated with a name | 1898-1988 |
| Form subdivision | Biografía |
| 650 14 - SUBJECT ADDED ENTRY--TOPICAL TERM | |
| Topical term or geographic name entry element | Pilotos de carreras automovilísticas |
| Form subdivision | Tiras cómicas, historietas, etc. |
| 650 14 - SUBJECT ADDED ENTRY--TOPICAL TERM | |
| Topical term or geographic name entry element | Grand Prix racing |
| General subdivision | Obras pictóricas |
| 700 1# - ADDED ENTRY--PERSONAL NAME | |
| Personal name | Chimits, Xavier, |
| Relator term | autor |
| 700 1# - ADDED ENTRY--PERSONAL NAME | |
| 9 (RLIN) | 10145 |
| Personal name | Swaters, Jacques, |
| Relator term | consultor |
| 700 1# - ADDED ENTRY--PERSONAL NAME | |
| Personal name | Piscini, Manuela, |
| Relator term | traductor |
| 942 ## - ADDED ENTRY ELEMENTS (KOHA) | |
| Source of classification or shelving scheme | Dewey Decimal Classification |
| Koha item type | Suplemento |
| Classification part | 796.72092 |
| Item part | E619 |
| Withdrawn status | Lost status | Source of classification or shelving scheme | Damaged status | Not for loan | Collection code | Home library | Current library | Shelving location | Date acquired | Source of acquisition | Total Checkouts | Full call number | Barcode | Date last seen | Price effective from | Koha item type | Public note |
|---|---|---|---|---|---|---|---|---|---|---|---|---|---|---|---|---|---|
| Dewey Decimal Classification | General | Biblioteca Karol Wojtyla | Biblioteca Karol Wojtyla | Sala general | 23/07/2019 | Compra | 796.72092 E619 2005 | 49367 | 05/01/2026 | 03/12/2013 | Suplemento | Suplemento |